ARRUPE JESUIT UNIVERSITY

CORONAVIRUS -STOP THE SPREAD - CLEAN,DISINFECT,COVER

Famine in Zimbabwe, 1890-1960 (Record no. 9403)

MARC details
000 -LEADER
fixed length control field 00446nam a2200193Ia 4500
003 - CONTROL NUMBER IDENTIFIER
control field 0100
008 - FIXED-LENGTH DATA ELEMENTS--GENERAL INFORMATION
fixed length control field 130303s9999 xx 000 0 und d
040 ## - CATALOGING SOURCE
Transcribing agency ARRUPELIB
050 ## - LIBRARY OF CONGRESS CALL NUMBER
Classification number HC910.Z9F35 1990
100 ## - MAIN ENTRY--PERSONAL NAME
Personal name Iliffe, John
245 ## - TITLE STATEMENT
Title Famine in Zimbabwe, 1890-1960
260 ## - PUBLICATION, DISTRIBUTION, ETC. (IMPRINT)
Place of publication, distribution, etc Gweru, Zimbabwe
260 ## - PUBLICATION, DISTRIBUTION, ETC. (IMPRINT)
Name of publisher, distributor, etc Mambo Press
260 ## - PUBLICATION, DISTRIBUTION, ETC. (IMPRINT)
-- 1990
300 ## - PHYSICAL DESCRIPTION
Extent 140p. 22cm
650 ## - SUBJECT ADDED ENTRY--TOPICAL TERM
Topical term following geographic name as entry element Zimbabwe - History
700 ## - ADDED ENTRY--PERSONAL NAME
Personal name John Iliffe
942 00 - ADDED ENTRY ELEMENTS (KOHA)
Koha issues (borrowed), all copies 1
Holdings
Withdrawn status Lost status Source of classification or shelving scheme Damaged status Not for loan Collection code Home library Current library Shelving location Date acquired Total Checkouts Full call number Barcode Date last seen Date checked out Copy number Price effective from Koha item type
    Library of Congress Classification     Main Collection ARRUPE LIBRARY ARRUPE LIBRARY   04/03/2013 1 HC910.Z9F35 1990 46003044842 23/04/2018 19/11/2014 1 04/03/2013 Monograph ( Printed materials)
    Library of Congress Classification     SPECIAL Collection ARRUPE LIBRARY ARRUPE LIBRARY Main Collection 11/04/2014   SPC HC910.Z9F35 1990 46500001657 11/04/2014   2 11/04/2014 REFERENCE

 

Arrupe Library. PO Box MP320 Mt Pleasant, Harare, Zimbabwe
263 242 745411|librarian@aju.ac.zw